|
|
|
|
| LEADER |
02413nam a2200565 i 4500 |
| 001 |
nkc20182997077 |
| 003 |
CZ PrNK |
| 005 |
20181206103616.0 |
| 007 |
ta |
| 008 |
180517s2018 xr ae e c 000 0 cze |
| 015 |
|
|
|z cnb002997077
|
| 020 |
|
|
|a 978-80-87810-25-5
|q (kroužková vazba)
|
| 035 |
|
|
|a (OCoLC)1039837750
|
| 040 |
|
|
|a ABA001
|b cze
|e rda
|
| 043 |
|
|
|a e-xr---
|b e-xr-li
|2 czenas
|
| 045 |
|
|
|a x2x3
|
| 072 |
|
7 |
|a 72
|x Architektura
|2 Konspekt
|9 21
|
| 080 |
|
|
|a 72
|2 MRF
|
| 080 |
|
|
|a 72.036/.038
|2 MRF
|
| 080 |
|
|
|a 69.01/.03
|2 MRF
|
| 080 |
|
|
|a (437.316)
|2 MRF
|
| 080 |
|
|
|a (083.824)
|2 MRF
|
| 100 |
1 |
|
|a Zeman, Jaroslav,
|d 1978-
|7 mzk2011674856
|4 aut
|
| 245 |
1 |
0 |
|a Architektura ve službách první republiky /
|c texty Jaroslav Zeman, Petra Šternová
|
| 264 |
|
1 |
|a V Liberci :
|b Národní památkový ústav, územní odborné pracoviště v Liberci,
|c 2018
|
| 300 |
|
|
|a 40 stran :
|b ilustrace (převážně barevné), plány ;
|c 11 x 32 cm +
|e 1 list pexesa (33 x 31 cm; složeno na 11 x 31 cm)
|
| 336 |
|
|
|a text
|b txt
|2 rdacontent
|
| 336 |
|
|
|a statický obraz
|b sti
|2 rdacontent
|
| 337 |
|
|
|a bez média
|b n
|2 rdamedia
|
| 338 |
|
|
|a svazek
|b nc
|2 rdacarrier
|
| 500 |
|
|
|a Název z obálky
|
| 500 |
|
|
|a Vydáno v rámci stejnojmenné výstavy pořádané Národním památkovým ústavem, územním odborným pracovištěm v Liberci, u příležitosti oslav 100. výročí založení České republiky
|
| 648 |
|
7 |
|a 20. století
|7 ch460558
|2 czenas
|
| 648 |
|
7 |
|a 1918-1939
|7 ch460649
|2 czenas
|
| 650 |
0 |
7 |
|a architektura
|7 ph118586
|z Česko
|y 20. století
|2 czenas
|
| 650 |
0 |
7 |
|a moderní architektura
|7 ph115339
|z Česko
|2 czenas
|
| 650 |
0 |
7 |
|a stavby
|7 ph116274
|z Česko
|y 1918-1939
|2 czenas
|
| 650 |
0 |
9 |
|a architecture
|z Czechia
|y 20th century
|2 eczenas
|
| 650 |
0 |
9 |
|a modern architecture
|z Czechia
|2 eczenas
|
| 650 |
0 |
9 |
|a buildings
|z Czechia
|y 1918-1939
|2 eczenas
|
| 651 |
|
7 |
|a Liberec (Česko : oblast)
|7 ge129801
|2 czenas
|
| 651 |
|
9 |
|a Liberec Region (Czechia)
|2 eczenas
|
| 655 |
|
7 |
|a katalogy výstav
|7 fd132536
|2 czenas
|
| 655 |
|
9 |
|a exhibition catalogs
|2 eczenas
|
| 700 |
1 |
|
|a Šternová, Petra,
|d 1976-
|7 jo2008434811
|4 aut
|
| 710 |
2 |
|
|a Národní památkový ústav.
|b Územní odborné pracoviště v Liberci
|7 xx0063713
|4 orm
|
| 910 |
2 |
|
|a BOA001
|b 4-1415.038
|
| 990 |
|
|
|a BK
|
| 995 |
|
|
|a 11
|
| 996 |
6 |
|
|b 2610755558
|c 4-1415.038
|l MZK
|r Sklad / do 1 hodiny
|n 2
|p p.v.
|w 001688531
|u 000010
|a 1
|e BOA001
|j MZK50
|s P
|